000 01345nam a2200325 a 4500
001 ebr10044067
003 CaPaEBR
006 m u
007 cr cn|||||||||
008 001030s2001 enk sb 001 0 eng
010 _z 00053098
020 _z0333920120
040 _aCaPaEBR
_cCaPaEBR
035 _a(OCoLC)54070072
050 1 4 _aDA990.U46
_bB555 2001eb
082 0 4 _a941.60824
_221
100 1 _aBloomfield, David,
_d1954-
245 1 0 _aDeveloping dialogue in Northern Ireland
_h[electronic resource] :
_bthe Mayhew talks, 1992 /
_cDavid Bloomfield.
260 _aHoundmills, Basingstoke, Hampshire ;
_aNew York :
_bPalgrave,
_c2001.
300 _axii, 177 p.
504 _aIncludes bibliographical references (p. 173) and index.
533 _aElectronic reproduction.
_bPalo Alto, Calif. :
_cebrary,
_d2013.
_nAvailable via World Wide Web.
_nAccess may be limited to ebrary affiliated libraries.
650 0 _aIrish question.
651 0 _aNorthern Ireland
_xPolitics and government
_y1969-1994.
651 0 _aGreat Britain
_xForeign relations
_zIreland.
651 0 _aIreland
_xForeign relations
_zGreat Britain.
655 7 _aElectronic books.
_2local
710 2 _aebrary, Inc.
856 4 0 _uhttp://site.ebrary.com/lib/rucke/Doc?id=10044067
_zAn electronic book accessible through the World Wide Web; click to view
999 _c179197
_d179197